000
00358nam a22001697a 4500
005
20260311091709.0
020
_a
9781260454314
041
_a
English
082
_a
530 R20 BRU
100
_a
Bruhn Chris
245
_a
High School Physics
250
_a
01
260
_a
New York
_b
McGraw Hill
_c
2020
300
_a
590
365
_b
1000.00
942
_c
BK
999
_c
176975
_d
176975